[Event "Remote email"]
[Site "Remote email"]
[Date "2013.06.29"]
[Round "?"]
[White "Scherer, Peter"]
[Black "Juha, Michael"]
[Result "0-1"]
[WhiteElo "1693"]
[BlackElo "1844"]
[PlyCount "104"]
[EventDate "2013.??.??"]
[EventType "tourn (corr)"]
[EventRounds "6"]
[EventCountry "GER"]
[SourceTitle "Corr 2015"]
[Source "ChessBase"]
[SourceDate "2015.07.17"]
[SourceVersion "1"]
[SourceVersionDate "2015.07.17"]
[SourceQuality "1"]

1. e4 e5 2. Nf3 Nc6 3. Bc4 h6 4. 0-0 Nf6 5. d3 Bc5 6. c3 d5 7. Bb3 dxe4 8. dxe4 Nxe4 9. Qxd8+ Nxd8 10. Be3 Bxe3 11. fxe3 0-0 12. Nxe5 Be6 13. c4 c5 14. a3 a5 15. a4 b6 16. Nc3 Nxc3 17. bxc3 Re8 18. Rad1 Nb7 19. h3 Rad8 20. Rxd8 Rxd8 21. Rd1 Rxd1+ 22. Bxd1 Nd6 23. Bb3 f6 24. Nc6 Ne4 25. Nd8 Bf5 26. Nc6 Kf8 27. Nd8 Nxc3 28. Nc6 Bd3 29. Na7 Bf5 30. Nb5 Ne2+ 31. Kf2 Nc1 32. Nd6 Be6 33. Bc2 Na2 34. Bb3 Nc3 35. Nb5 Ne4+ 36. Ke1 g5 37. g4 Kg7 38. Nc7 Kf7 39. Nd5 Bxd5 40. cxd5 Ke7 41. Bc4 Kd6 42. Bb3 Nc3 43. Kd2 Nxd5 44. Bxd5 Kxd5 45. Kc3 c4 46. Kd2 Kc5 47. Kc3 b5 48. axb5 Kxb5 49. Kc2 Kb4 50. e4 a4 51. Kb2 a3+ 52. Ka2 c3 0-1